| 000 | 01421cam a22003977a 4500 | ||
|---|---|---|---|
| 003 | CHAP | ||
| 005 | 20220817043700.0 | ||
| 008 | 000613s1999 it rn 00010 spa d | ||
| 010 | _a81521 | ||
| 011 | _a82493 | ||
| 020 | _a9253041110 | ||
| 035 | _a92990 | ||
| 040 | _cCHAP | ||
| 082 | 0 | 4 |
_a338.9 _bF44Y v.41 |
| 110 | 2 | _aFAO | |
| 245 | 1 | 3 |
_aEl acuerdo sobre la agricultura de la Ronda Uruguay : _bmanual de capacitación _c/ por Stephen Healy, Richard Pearce y Michael Stockbridge |
| 260 |
_aRoma : _bFAO, _c1999 |
||
| 300 | _a163 p. | ||
| 490 | 0 |
_aFAO. Materiales de capacitación para la planificación agrícola _v; 41 |
|
| 590 |
_aBATCH-UPD _b10 _c20130110 _lUCH01 _h0623 |
||
| 590 |
_aBATCH-UPD _b10 _c20130110 _lUCH01 _h2303 |
||
| 590 |
_aBATCH-UPD _b10 _c20130410 _lUCH01 _h0306 |
||
| 590 |
_aBATCH-UPD _b10 _c20130914 _lUCH01 _h1016 |
||
| 590 |
_aCONVERSION _b10 _c20130109 _lUCH01 _h1345 |
||
| 650 | 1 | 4 |
_aComercio internacional. _925641 |
| 650 | 1 | 4 |
_aGATT. _947278 |
| 650 | 1 | 4 |
_aPolítica agrícola _xPaíses subdesarrollados. _990347 |
| 700 | 0 |
_aHealy, Stephen. _953244 |
|
| 700 | 0 |
_aPearce, Richard. _986405 |
|
| 700 | 0 |
_aStockbridge, Michael. _9109830 |
|
| 830 | 0 |
_aFAO. Materiales de capacitación para la planificación agrícola _v; 41 _939620 |
|
| 901 | _aBK | ||
| 905 | _aPatricia Mendoza P. | ||
| 942 | _cLIBRO | ||
| 949 |
_a338.9 F44Y v.41 _bBC _cFAO _d33724000779906 _eFAO1 _h97556 _i92990 _kDonaciØn _si |
||
| 999 |
_c81521 _d81521 |
||